000 00340 a2200157 4500
001 171884
020 _a
040 _cMagnum
100 _aSebastiani, Julieta
240 1 0 _aA arvore dos passarinhos
_lpor
245 1 0 _aA arvore dos passarinhos
362 0 _a1899
440 1 _aÁtica
697 _aI/AVENTURA, CRIANCAS
942 _cBK
999 _c171884
_d171884